V najúspešnejšom roku Na odrazenie konkurencie potrebuje Slovnaft čerpacie stanice
Viaceré zásadné zmeny, ktorými prechádza Slovnaft, a.s., ktorý oslávil v apríli 1995 storočné jubileum. Orientácia výrobných procesov. Zmeny v organizačnej štruktúre, utvorenie šiestich dcérskych spoločností. Hodnotenie hospodárskych výsledkov roku 1994. Obchodná činnosť Slovnaftu. Vlastná zahraničn...
Salvato in:
| Autore principale: | |
|---|---|
| Natura: | Capitolo di libro |
| Lingua: | slovacco |
| Soggetti: | |
| Tags: |
Nessun Tag, puoi essere il primo ad aggiungerne!!
|
MARC
| LEADER | 00000naa a2200000 4500 | ||
|---|---|---|---|
| 001 | r017524 | ||
| 005 | 20221205102725.1 | ||
| 041 | 0 | |a slo | |
| 044 | |a SK | ||
| 245 | 1 | 0 | |a V najúspešnejšom roku |b Na odrazenie konkurencie potrebuje Slovnaft čerpacie stanice |c A. Szabo |
| 520 | |a Viaceré zásadné zmeny, ktorými prechádza Slovnaft, a.s., ktorý oslávil v apríli 1995 storočné jubileum. Orientácia výrobných procesov. Zmeny v organizačnej štruktúre, utvorenie šiestich dcérskych spoločností. Hodnotenie hospodárskych výsledkov roku 1994. Obchodná činnosť Slovnaftu. Vlastná zahraničnoobchodná činnosť. Vývoj exportu. Štruktúra výroby, spracovanie ropných surovín. | ||
| 610 | 2 | 0 | |a Slovnaft, a.s. Bratislava |
| 610 | 2 | 0 | |a 1895-1995 |
| 610 | 2 | 0 | |a štruktúra výroby |
| 610 | 2 | 0 | |a štruktúra organizačná |
| 610 | 2 | 0 | |a ropa |
| 610 | 2 | 0 | |a petrochémia |
| 610 | 2 | 0 | |a výsledok hospodársky |
| 610 | 2 | 0 | |a spoločnosti dcérske |
| 610 | 2 | 0 | |a 1994 |
| 100 | 1 | |a Szabo, A. | |